000 005290000a22001810004500
003 MACL
005 20160224124107.0
008 160224b xxu||||| |||| 00| 0 eng d
040 _aMACL
_cMACL
041 _aHindi
082 _a800
100 _aडालमिया श्रीमती दिनेशनंदिनी
_939949
245 _aशारदीया
260 _bगंगा-ग्रंथागार
_c1950
_aलखनउ
350 _a1.50
650 _aLiterature
_939950
942 _cHIN
_k800
_2ddc
999 _c23346
_d23346